| 000 | | | 03726nmc2a22000003x 450 |
| 001 | | | 92191049-08f9-4abd-aff4-221d8012e2b7 |
| 005 | | | 20181225205050.0 |
| 100 | ## | $a | 20170704l18461846k l0rusy0189 ca |
| 101 | 0# | $a | rus |
| 102 | ## | $a | RU |
| 200 | 1# | $a | Дело по разным распоряжениям по Московской дирекции |
| | $j | 20 февраля - 30 декабря 1846 г. |
| 251 | ## | $c | Дело |
| 300 | ## | $a | По Московской дирекции за 1846 год |
| 300 | ## | $a | Дело |
| 801 | #0 | $a | RU |
| | $b | РГИА |
| | $c | 20170704 |
| | $g | RCR |
| 801 | #1 | $a | RU |
| | $b | ГлавНИВЦ |
| | $c | 20170704 |
| | $2 | rusmarc |
| 801 | #2 | $a | RU |
| | $b | ПБ им. Б.Н. Ельцина |
| | $c | 20181225 |
| | $g | RCR |
| | $2 | rusmarc |
| 850 | ## | $a | РГИА |
| 852 | ## | $a | РГИА |
| | $e | Федеральное казенное учреждение "Российский государственный исторический архив" (РГИА) |
| | $j | 10980 |
| 937 | ## | $h | РГИА |
| | $d | 12247409 |
| | $a | ASBIBLIO_SCAN |
| 462 | #0 | $1 | 001dd3991dc-24e1-42ec-8838-ca4255420416 |
| | $1 | 2001 |
| | $a | 1746-1850 гг. |
| | $1 | 251 |
| | $c | Опись |
| | $1 | 852 |
| | $j | 1 |
| 461 | #0 | $1 | 0019264ebf8-de62-4f1a-9eb4-9f22098dbbd5 |
| | $1 | 2001 |
| | $a | Дирекция императорских театров МИДв |
| | $1 | 251 |
| | $c | Фонд |
| | $1 | 852 |
| | $j | 497 |
| 215 | ## | $a | 176 л. |
| | $d | 36,5х26 см |
| | $c | рис. |
| 371 | ## | $a | Документ не является опубликованным и широко распространяемым |
| 122 | 2# | $a | d |
| 105 | ## | $a | a### |
| 035 | ## | $a | 92191049-08f9-4abd-aff4-221d8012e2b7 |
| 856 | ## | $u | http://readingroom.main.prlib.ru/item.aspx?id_node=n122369825&mode=full |